Statistics for Forbes 30 Most Powerful People 2020

Click here to take the quiz!

General Stats

  • This quiz has been taken 98 times
  • The average score is 12 of 30

Answer Stats

RankNameOrganization% Correct
3Donald TrumpUSA
99%
2Vladimir PutinRussia
96%
4Angela MerkelGermany
93%
7Bill GatesMicrosoft / __ & Melinda __ Foundation
93%
5Jeff BezosAmazon.com
88%
21Jack MaAlibaba Group
81%
13Mark ZuckerbergFacebook
80%
1Xi JinpingChina
78%
6Pope FrancisRoman Catholic Church
76%
25Elon MuskTesla / Space X
75%
12Emmanuel MacronFrance
68%
26Benjamin NetanyahuIsrael
52%
9Narendra ModiIndia
51%
14Theresa MayUK
34%
24Tim CookApple
34%
16Warren BuffetBerkshire Hathaway
34%
10Larry PageAlphabet
24%
22Christine LagardeInternational Monetary Fund
16%
18Mario DraghiEuropean Central Bank
13%
8Mohammed bin Salman Al SaudSaudi Arabia
13%
17Ali Hoseini-KhameneiIran
11%
19Jamie DimonChase
7%
11Jerome H. PowellUSA
6%
15Li KeqiangChina
5%
29Akio ToyodaToyota Motor
2%
23Doug McMillonWal-Mart Stores
1%
30John L. FlanneryGeneral Electric
1%
28Larry FinkBlackRock
1%
20Carlos Slim HeluAmerica Movil SAB de CV (ADR)
0%
27Ma HuatengTencent Holdings
0%

Score Distribution

Percentile by Number Answered

Percent of People with Each Score

Your Score History

You have not taken this quiz